Available copies
- 0 of 1 copy available at LARL/NWRL Consortium.
- 0 of 1 copy available at Northwest Regional Library. (Show preferred library)
Current holds
0 current holds with 1 total copy.
Show Only Available Copies
| Location | Call Number / Copy Notes | Barcode | Shelving Location | Status | Due Date |
|---|---|---|---|---|---|
| Godel Memorial-Warren Library | e COY (BOARD BOOK) (Text) | 35500006663098 | Main | Checked out | 07/14/2026 |
Record details
- ISBN: 9781486726332
- ISBN: 148672633X
- Physical Description: 1 volume (unpaged) : illustrations ; 18 cm.
- Edition: Board book edition.
- Publisher: Franklin, TN : Flowerpot Press, 2023.
Content descriptions
| General Note: | Cover title. On board pages. |
| Summary, etc.: | Finn Coyle shares some of his favorite things ... Read More |
Search for related items by subject
| Subject: | Board books. Farms > Juvenile fiction. Farm machinery > Juvenile fiction. Agricultural machinery. Board books. Farms. |
| Genre: | Fiction. Juvenile works. |
Search for related items by series
| LDR | 01791cam a2200373M 4500 | ||
|---|---|---|---|
| 001 | 414048 | ||
| 003 | LARL_NWRL_CONSORTIUM | ||
| 005 | 20230501182912.0 | ||
| 008 | 230303s2023 tnua j 000 1 eng d | ||
| 040 | . | ‡aETC ‡beng ‡cETC ‡dOCLCF | |
| 020 | . | ‡a9781486726332 | |
| 020 | . | ‡a148672633X | |
| 035 | . | ‡a(OCoLC)1375029986 | |
| 037 | . | ‡bBaker & Taylor Pub Serv, 2541 Ashland rd Po Box 388, Ashland, OH, USA, 44805, (419)2815100, 1410 ‡nSAN 631-936X | |
| 100 | 1 | . | ‡aCoyle, Finn, ‡4aut |
| 245 | 1 | 0. | ‡aOn the farm / ‡cFinn Coyle. |
| 250 | . | ‡aBoard book edition. | |
| 264 | 1. | ‡aFranklin, TN : ‡bFlowerpot Press, ‡c2023. | |
| 300 | . | ‡a1 volume (unpaged) : ‡billustrations ; ‡c18 cm. | |
| 490 | 0 | . | ‡aTrucks & stuff |
| 500 | . | ‡aCover title. | |
| 500 | . | ‡aOn board pages. | |
| 520 | . | ‡aFinn Coyle shares some of his favorite things about being on the farm in this simplistic photo-based board book. Readers will discover some of the machines, buildings, and animals a farmer has on his farm including a baler, tractor, red barn, old truck, cows, silos, combine harvester, seed driller, and stable. Trucks & Stuff is a series from author Finn Coyle, a teen truck enthusiast! From his love of trucks came his series of books that explore the wide variety of machines and trucks that have always interested him. | |
| 650 | 0. | ‡aBoard books. ‡0(LARL_NWRL_CONSORTIUM)162180 | |
| 650 | 0. | ‡aFarms ‡vJuvenile fiction. | |
| 650 | 0. | ‡aFarm machinery ‡vJuvenile fiction. | |
| 650 | 7. | ‡aAgricultural machinery. ‡2fast ‡0(LARL_NWRL_CONSORTIUM)13130 | |
| 650 | 7. | ‡aBoard books. ‡2fast ‡0(LARL_NWRL_CONSORTIUM)162180 | |
| 650 | 7. | ‡aFarms. ‡2fast ‡0(LARL_NWRL_CONSORTIUM)20011 | |
| 655 | 7. | ‡aFiction. ‡2fast | |
| 655 | 7. | ‡aJuvenile works. ‡2fast | |
| 901 | . | ‡a414048 ‡b ‡c414048 ‡tbiblio | |

Add to basket
Permalink
Enable Highlighting